000 00227nam a22000857a 4500
008 160630b xxu||||| |||| 00| 0 eng d
100 _91522
_a Pal, S., et al
245 _aYogasanas & Sadhana
260 _aNew Delhi
_bPustak Mahal
_c2003
999 _c1261
_d1261